Southville International School and Colleges
Your cart is empty.
  • Cart
  • Lists
    Public lists Eva Luna New books Lux_list list_1
    Your lists Log in to create your own lists
  • Log in to your account
  • Your cookies
  • Search history
Southville International School and Colleges
  • Advanced search
  • Recent comments
  • Most popular
  • Libraries

Log in to your account

Log in with GOOGLE


If you do not have an external account, but do have a local account, you can still log in:

  1. Home
  2. MARC view: The Value of believing in yourself :
Normal view MARC view ISBD view

The Value of believing in yourself : (Record no. 102555)

[ view plain ]
MARC details
000 -LEADER
fixed length control field 00847nam a2200217 a 4500
005 - DATE AND TIME OF LATEST TRANSACTION
control field 20140412111238.0
008 - FIXED-LENGTH DATA ELEMENTS--GENERAL INFORMATION
fixed length control field 001111s19uu xx 00 eng d
020 ## - INTERNATIONAL STANDARD BOOK NUMBER
International Standard Book Number 0-916-392-06-6
050 ## - LIBRARY OF CONGRESS CALL NUMBER
Classification number REF 303.3
Item number J63 1976
100 ## - MAIN ENTRY--PERSONAL NAME
Personal name Johnson, Spencer
245 ## - TITLE STATEMENT
Title The Value of believing in yourself :
Remainder of title the story of Louis Pasteur /
Statement of responsibility, etc Spences Johnson ; illustrated by Steve Pillegi.
260 ## - PUBLICATION, DISTRIBUTION, ETC. (IMPRINT)
Place of publication, distribution, etc La Jolla, CA :
Name of publisher, distributor, etc Value Comm., Inc. Pub,
Date of publication, distribution, etc 1976.
300 ## - PHYSICAL DESCRIPTION
Extent 63 p. ; col. ; ill.
440 ## - SERIES STATEMENT/ADDED ENTRY--TITLE
Title A Value Tale Series
520 ## - SUMMARY, ETC.
Summary, etc Retells the story of Louis Pasteur, whose unwavering belief in the concept of germs led to a cure for rabies.
650 ## - SUBJECT ADDED ENTRY--TOPICAL TERM
Topical term or geographic name as entry element Pasteur, Louis, 1822-1895
650 ## - SUBJECT ADDED ENTRY--TOPICAL TERM
Topical term or geographic name as entry element Scientists
650 ## - SUBJECT ADDED ENTRY--TOPICAL TERM
Topical term or geographic name as entry element Self-reliance
General subdivision Juvenile literature
650 ## - SUBJECT ADDED ENTRY--TOPICAL TERM
Topical term or geographic name as entry element Bacteriologists -- France
General subdivision Biography
-- Juvenile literature
Holdings
Withdrawn status Lost status Damaged status Home library Current library Shelving location Date acquired Source of acquisition Total Checkouts Full call number Barcode Date last seen Price effective from Koha item type
      Elizalde Library Elizalde Library Reference Section 11/11/2000     REF 303.3 J63 1976 E2032 04/12/2014 04/12/2014 Books

The Value of believing in yourself :

APA

Johnson S., . (1976). The Value of believing in yourself. La Jolla, CA: Value Comm., Inc. Pub.

Chicago

Johnson Spencer, . 1976. The Value of believing in yourself. La Jolla, CA: Value Comm., Inc. Pub.

Harvard

Johnson S., . (1976). The Value of believing in yourself. La Jolla, CA: Value Comm., Inc. Pub.

MLA

Johnson Spencer, . The Value of believing in yourself. La Jolla, CA: Value Comm., Inc. Pub. 1976.

  • Place hold
  • Print
  • Cite
  • Add to your cart (remove)
  • Save record
    BIBTEX Dublin Core MARCXML MARC (non-Unicode/MARC-8) MARC (Unicode/UTF-8) MARC (Unicode/UTF-8, Standard) MODS (XML) RIS
  • More searches
    Search for this title in:
    Other Libraries (WorldCat) Other Databases (Google Scholar) Online Stores (Bookfinder.com) Open Library (openlibrary.org)

Exporting to Dublin Core...

SOUTHVILLE LIBRARY

Southville International School and Colleges Library

1281 Tropical Ave. Cor. Luxembourg St., BF Homes International, Las Pinas City

Tel. No. 8256374 / 252358 Loc. 117/146

Powered by Koha